2100年に3,000人を下回るとされている市 - Statistics

General Stats
  • This quiz has been taken 9 times
  • The average score is 33 of 45
Answer Stats
都道府県 市名 % Correct
北海道 赤平市
100%
北海道 歌志内市
100%
北海道 砂川市
100%
北海道 夕張市
100%
北海道 士別市
75%
北海道 留萌市
75%
北海道 深川市
75%
北海道 芦別市
75%
北海道 三笠市
75%
岩手県 陸前高田市
75%
岩手県 八幡平市
75%
秋田県 仙北市
75%
秋田県 男鹿市
75%
山形県 尾花沢市
75%
千葉県 勝浦市
75%
山梨県 大月市
75%
山梨県 上野原市
75%
長野県 飯山市
75%
岐阜県 飛騨市
75%
石川県 珠洲市
75%
石川県 輪島市
75%
三重県 尾鷲市
75%
三重県 熊野市
75%
奈良県 御所市
75%
奈良県 宇陀市
75%
奈良県 五條市
75%
広島県 江田島市
75%
山口県 美祢市
75%
徳島県 三好市
75%
高知県 室戸市
75%
高知県 安芸市
75%
高知県 土佐清水市
75%
高知県 宿毛市
75%
熊本県 上天草市
75%
大分県 津久見市
75%
宮崎県 串間市
75%
鹿児島県 阿久根市
75%
鹿児島県 西之表市
75%
北海道 美唄市
50%
三重県 鳥羽市
50%
京都府 宮津市
50%
広島県 竹原市
50%
高知県 須崎市
50%
宮崎県 えびの市
50%
鹿児島県 垂水市
50%
No matching quizzes found
Score Distribution
Percent of People with Each Score
Percentile by Number Answered
Your Score History
You have not taken this quiz